|
|
|
|
| LEADER |
00671 a2200169 4500 |
| 008 |
150103s9999 000 0 eng |
| 020 |
|
|
|a 9788126474264
|
| 082 |
|
|
|a 811.87
|
| 100 |
|
|
|a Anitha Thampi
|
| 245 |
|
|
|a Alappuzhavellam /
|
| 260 |
|
|
|a Kottayam:
|b D.C.Books,
|c 2016.
|
| 300 |
|
|
|a 83 p.
|
| 650 |
|
|
|a Malayalam Poems
|
| 942 |
|
|
|c BK
|
| 999 |
|
|
|c 308514
|d 308514
|
| 952 |
|
|
|0 0
|1 0
|2 ddc
|4 0
|6 811_870000000000000_ANI_AL
|7 0
|9 354065
|a DRA
|b DRA
|c ST1
|d 2017-07-15
|i 9830
|l 0
|o 811.87 ANI/AL
|p DRA9830
|r 2019-01-03
|v 80.00
|w 2019-01-03
|y BK
|
| 952 |
|
|
|0 0
|1 0
|2 ddc
|4 0
|6 851_870000000000000_ANI_A
|7 0
|9 394135
|a CSC
|b CSC
|c ST1
|d 2019-08-31
|i 14675
|l 0
|o 851.87 ANI/A
|p CSC14675
|r 2019-08-31
|v 80.00
|w 2019-08-31
|y BK
|